Разработка методов, основанных на теории функционала плотности, и их применение к исследованию электронной структуры кристаллов с различным типом химической связи: автореферат диссертации на соискание ученой степени доктора физико-математических наук; Спец. 02.00.04

Detalles Bibliográficos
Autor Principal: Гордиенко А. Б. Алексей Болеславович
Autor Corporativo: Кемеровский государственный университет
Outros autores: Поплавной А. С. Анатолий Степанович (научный консультант)
Summary:Защита сост. 25.03.2005 г.
Idioma:ruso
Publicado: Кемерово, [Б. и.], 2005
Subjects:
Formato: Libro
KOHA link:https://koha.lib.tpu.ru/cgi-bin/koha/opac-detail.pl?biblionumber=73798

MARC

LEADER 00000nam0a2200000 4500
001 73798
005 20231101212726.0
035 |a (RuTPU)RU\TPU\book\78731 
090 |a 73798 
100 |a 20050222d2004 k y0rusy50 ca 
101 0 |a rus 
102 |a RU 
105 |a a dm 001zy 
200 1 |a Разработка методов, основанных на теории функционала плотности, и их применение к исследованию электронной структуры кристаллов с различным типом химической связи  |e автореферат диссертации на соискание ученой степени доктора физико-математических наук  |e Спец. 02.00.04  |f А. Б. Гордиенко  |g Кемеровский государственный университет; науч. конс. А. С. Поплавной 
210 |a Кемерово  |c [Б. и.]  |d 2005 
215 |a 47 с.  |c ил. 
300 |a Защита сост. 25.03.2005 г. 
320 |a Библиогр.: с. 44-47 (31 назв.) 
606 1 |a Кристаллы  |x Электронная структура  |2 stltpush  |3 (RuTPU)RU\TPU\subj\80307  |9 88032 
610 1 |a кристаллография 
610 1 |a кристаллы 
610 1 |a электронная структура 
610 1 |a вычисления 
610 1 |a полупроводниковые соединения 
610 1 |a химическая связь 
610 1 |a азиды 
610 1 |a функции Ванье 
610 1 |a авторефераты диссертаций 
675 |a 548.7(04)  |v 3 
686 |a 02.00.04  |2 oksvnk 
700 1 |a Гордиенко  |b А. Б.  |g Алексей Болеславович 
702 1 |a Поплавной  |b А. С.  |g Анатолий Степанович  |4 695 
712 0 2 |a Кемеровский государственный университет  |2 stltpush  |3 (RuTPU)RU\TPU\col\402 
801 1 |a RU  |b 63413507  |c 20050222  |g PSBO 
801 2 |a RU  |b 63413507  |c 20200825  |g PSBO 
942 |c BK